[Event "IHEM 2002"]
[Site "Hamburg"]
[Date "2002.05.24"]
[Round "7.14"]
[White "Stephan, Axel"]
[Black "Maahs, Erich"]
[Result "1-0"]
[WhiteElo "2311"]
[BlackElo "2194"]
[PlyCount "57"]
[EventDate "2002.??.??"]

1. c4 e5 2. e3 Nc6 3. Nc3 f5 4. d4 exd4 5. exd4 Bb4 6. d5 Qe7+ 7. Be2 Bxc3+ 8.
bxc3 Ne5 9. Nh3 Nf6 10. O-O O-O 11. Re1 d6 12. c5 Ne4 13. cxd6 cxd6 14. Qd4 Qc7
15. Bf1 Bd7 16. c4 Qb6 17. Qxb6 axb6 18. Be3 Nc5 19. Rab1 f4 20. Nxf4 g5 21.
Ne6 Nxe6 22. dxe6 Bxe6 23. Bxb6 Rf7 24. c5 Bf5 25. Rbd1 Ra3 26. cxd6 Nd3 27.
Re3 Nxf2 28. Rxa3 Nxd1 29. Bc4 1-0

[Event "IHEM 2002"]
[Site "Hamburg"]
[Date "2002.05.24"]
[Round "7.15"]
[White "Voigt, Martin"]
[Black "Gollasch, Theo-Heinz"]
[Result "1/2-1/2"]
[WhiteElo "2298"]
[BlackElo "2126"]
[PlyCount "135"]
[EventDate "2002.??.??"]

1. e4 c5 2. Nf3 Nc6 3. b4 cxb4 4. d4 d5 5. exd5 Qxd5 6. c4 bxc3 7. Nxc3 Qa5 8.
d5 e6 9. dxc6 Qxc3+ 10. Bd2 Qxc6 11. Be2 Bc5 12. O-O Ne7 13. Ne5 Qd5 14. Qa4+
Bd7 15. Nxd7 Qxd7 16. Bb5 Nc6 17. Rfd1 O-O 18. Bc3 Qc7 19. Rd3 e5 20. Rg3 Nd4
21. Bd3 Rad8 22. Rc1 Qe7 23. Qd1 g6 24. Qh5 Qf6 25. Bd2 Ne6 26. Qe2 Nd4 27. Qe4
Qd6 28. Bg5 Rd7 29. h4 f5 30. Bc4+ Kh8 31. Qe1 b5 32. Bh6 Re8 33. Bf1 Bb6 34.
Rgc3 e4 35. Be3 a6 36. a4 f4 37. Rc8 Rdd8 38. Rxd8 Rxd8 39. Bxd4+ Qxd4 40. axb5
e3 41. fxe3 Qxe3+ 42. Kh2 Qxe1 43. Rxe1 axb5 44. Bxb5 Bf2 45. Re8+ Rxe8 46.
Bxe8 Bxh4 47. Bb5 Bg3+ 48. Kg1 Kg7 49. Be2 h5 50. Bf3 Kh6 51. Bc6 Be1 52. Bd5
Bb4 53. Bc6 Bc5+ 54. Kh1 g5 55. Kh2 g4 56. Bd5 Kg5 57. Bc6 Kh4 58. Bd5 Bd6 59.
Bf7 f3+ 60. Kg1 Bc5+ 61. Kf1 f2 62. Be8 Kg5 63. Bc6 Kf4 64. Be8 h4 65. Bc6 Kg3
66. Bd7 h3 67. gxh3 Kxh3 68. Bc6 1/2-1/2

[Event "IHEM 2002"]
[Site "Hamburg"]
[Date "2002.05.24"]
[Round "7.16"]
[White "Wendt, Jan-Dietrich"]
[Black "Frackowiak, Oliver"]
[Result "1-0"]
[WhiteElo "2285"]
[BlackElo "2069"]
[PlyCount "119"]
[EventDate "2002.??.??"]

1. Nf3 Nf6 2. c4 g6 3. Nc3 Bg7 4. e4 d6 5. d4 O-O 6. h3 Nbd7 7. Bg5 e5 8. d5 a5
9. g4 Nc5 10. Nd2 c6 11. Be2 Bd7 12. h4 Qc8 13. f3 h6 14. Be3 Ne8 15. h5 g5 16.
Rc1 Qc7 17. b3 Bf6 18. a3 Na6 19. Kf2 c5 20. Rb1 Ng7 21. Qc2 Be7 22. Kg2 b6 23.
Nf1 f6 24. Ng3 Kf7 25. Rhc1 Qa7 26. Rb2 Rfb8 27. Rcb1 Kf8 28. Bd3 Kf7 29. Qe2
Be8 30. Bd2 Bd8 31. Nf5 Nxf5 32. exf5 Bd7 33. Ne4 Bc7 34. Bc3 Re8 35. Qf2 Rg8
36. Ra2 Qb7 37. Rab2 Qa7 38. Qe1 Ke7 39. Re2 Rge8 40. f4 gxf4 41. Qh4 Rf8 42.
Rbe1 Rf7 43. Nxd6 Bxd6 44. Rxe5+ Bxe5 45. Rxe5+ Kf8 46. Re6 Bxe6 47. fxe6 Qe7
48. Bg6 f5 49. Qe1 Qg5 50. exf7 Qxg4+ 51. Kh2 Qg3+ 52. Qxg3 fxg3+ 53. Kxg3 Nc7
54. Be5 Na6 55. Bd6+ Kg7 56. Kf4 Rc8 57. Kxf5 Nc7 58. f8=Q+ Rxf8+ 59. Bxf8+
Kxf8 60. d6 1-0

[Event "IHEM 2002"]
[Site "Hamburg"]
[Date "2002.05.24"]
[Round "7.17"]
[White "Schulz, Hans-Juergen"]
[Black "Schüler, Hendrik"]
[Result "0-1"]
[WhiteElo "2104"]
[BlackElo "2197"]
[PlyCount "40"]
[EventDate "2002.??.??"]

1. e4 e6 2. Nf3 d5 3. e5 Bd7 4. d4 c5 5. dxc5 Bxc5 6. Bd3 Nc6 7. O-O Nge7 8. c3
Ng6 9. Re1 a5 10. Qe2 O-O 11. Na3 f6 12. exf6 Qxf6 13. Bg5 Qf7 14. Qc2 Nf4 15.
Bxh7+ Kh8 16. Re3 Bxe3 17. fxe3 Nh3+ 18. gxh3 Qxf3 19. Bf4 e5 20. Bg3 Bxh3 0-1

[Event "IHEM 2002"]
[Site "Hamburg"]
[Date "2002.05.25"]
[Round "8.4"]
[White "Handke, Florian"]
[Black "Murdzia, Piotr"]
[Result "1-0"]
[WhiteElo "2440"]
[BlackElo "2418"]
[PlyCount "37"]
[EventDate "2002.??.??"]

1. e4 c5 2. Nf3 d6 3. d4 cxd4 4. Nxd4 Nf6 5. Nc3 a6 6. Rg1 Nc6 7. g4 Nxd4 8.
Qxd4 e5 9. Qa4+ Bd7 10. Qb3 b5 11. g5 Be6 12. gxf6 Bxb3 13. axb3 Qxf6 14. Bg5
Qg6 15. Rxa6 Rb8 16. Ra8 f6 17. Rxb8+ Kd7 18. Bxb5+ Kc7 19. Be8 1-0

[Event "IHEM 2002"]
[Site "Hamburg"]
[Date "2002.05.25"]
[Round "8.6"]
[White "Rausis, Igor"]
[Black "Dr. Reddmann, Hauke"]
[Result "1/2-1/2"]
[WhiteElo "2478"]
[BlackElo "2349"]
[PlyCount "107"]
[EventDate "2002.??.??"]

1. d4 Nf6 2. c4 e6 3. Nc3 Bb4 4. e3 Bxc3+ 5. bxc3 d6 6. Bd3 c5 7. Ne2 e5 8. e4
Nc6 9. O-O Qe7 10. d5 Nd8 11. Ng3 h6 12. h3 g6 13. Be3 Kf8 14. a4 Kg7 15. a5
Nh7 16. Qd2 Nf8 17. Kh2 f6 18. Ne2 Nf7 19. f3 Rb8 20. g3 b6 21. axb6 Rxb6 22.
Ng1 Qb7 23. Rf2 Nh7 24. f4 Re8 25. Qe2 Bd7 26. Nf3 Rb8 27. fxe5 fxe5 28. Raf1
Rb2 29. Bc2 Be8 30. Bc1 Ra2 31. Qe3 Qe7 32. Ne1 Qg5 33. Qxg5 Nfxg5 34. h4 Nf7
35. Bd3 Rxf2+ 36. Rxf2 a5 37. Ra2 Ra8 38. Nc2 Nf6 39. Rb2 Ba4 40. Rb7 Kf8 41.
Na3 Bd1 42. Kg2 a4 43. Nb5 Rd8 44. Ra7 Nd7 45. Kf2 Bb3 46. Rb7 Nf6 47. Ke2 Rd7
48. Rb8+ Kg7 49. Na3 g5 50. Ke3 Bd1 51. Kd2 Bf3 52. Ke3 Bd1 53. Kd2 Bf3 54. Ke3
1/2-1/2

[Event "IHEM 2002"]
[Site "Hamburg"]
[Date "2002.05.25"]
[Round "8.7"]
[White "Lindinger, Markus"]
[Black "Wahls, Matthias"]
[Result "1/2-1/2"]
[WhiteElo "2299"]
[BlackElo "2561"]
[PlyCount "54"]
[EventDate "2002.??.??"]

1. d4 Nf6 2. c4 e6 3. Nc3 Bb4 4. e3 b6 5. Nge2 Bb7 6. a3 Be7 7. d5 O-O 8. Ng3
d6 9. Be2 c6 10. e4 exd5 11. exd5 cxd5 12. cxd5 Re8 13. O-O a6 14. Bf4 Bf8 15.
Nf5 Ne4 16. Nxe4 Rxe4 17. Qd2 Qf6 18. g4 {(=)} 18... Nd7 19. Rae1 Nc5 20. Bg5
Nb3 21. Qd3 Qxg5 22. Qxe4 Nd2 23. Qe3 Qxe3 24. Nxe3 Nxf1 25. Kxf1 Rc8 26. Rd1
b5 27. a4 bxa4 {(=)} 1/2-1/2

[Event "IHEM 2002"]
[Site "Hamburg"]
[Date "2002.05.25"]
[Round "8.9"]
[White "Lanka, Zigurds"]
[Black "Bach, Matthias"]
[Result "1/2-1/2"]
[WhiteElo "2503"]
[BlackElo "2300"]
[PlyCount "91"]
[EventDate "2002.??.??"]

1. e4 c5 2. Nf3 Nf6 3. Qe2 d5 4. e5 Nfd7 5. d3 Nc6 6. g3 Nb6 7. h3 Bf5 8. Bg2
Qd7 9. a3 Rc8 10. Nbd2 c4 11. dxc4 Bxc2 12. c5 Na4 13. O-O Nxc5 14. b4 Bd3 15.
Qd1 Bxf1 16. Nxf1 Ne6 17. h4 Nc7 18. e6 Qxe6 19. Bf4 Qd7 20. a4 e6 21. b5 Ne7
22. h5 Nf5 23. h6 f6 24. Bh3 g6 25. g4 Nxh6 26. g5 Nf5 27. Bxf5 gxf5 28. gxf6
Rg8+ 29. Ng3 Bd6 30. Ne5 Bxe5 31. Bxe5 Kd8 {(=)} 32. Kf1 Ne8 33. Nh5 Qf7 34.
Ra3 Rg4 35. Rd3 Rc5 36. Nf4 Rxf4 37. Bxf4 Nxf6 38. Be3 Rc7 39. Bxa7 Ne4 40. Bb6
Kc8 41. Bxc7 Qxc7 42. f3 Qc4 43. Ke1 Qb4+ 44. Kf1 Qc4 45. Ke1 Qb4+ 46. Kf1
1/2-1/2

[Event "IHEM 2002"]
[Site "Hamburg"]
[Date "2002.05.25"]
[Round "8.10"]
[White "Gullaksen, Eirik"]
[Black "Meier, David-Geffrey"]
[Result "1-0"]
[WhiteElo "2326"]
[BlackElo "2108"]
[PlyCount "57"]
[EventDate "2002.??.??"]

1. e4 e6 2. d4 d5 3. Nc3 dxe4 4. Nxe4 Nd7 5. Nf3 Ngf6 6. Nxf6+ Nxf6 7. Bd3 c5
8. dxc5 Bxc5 9. O-O O-O 10. Bg5 Be7 11. Qe2 h6 12. Bd2 b6 13. c4 Bb7 14. Rad1
Qc7 15. Ne5 Rad8 16. Bc3 Rfe8 17. Rd2 Bf8 18. Rfd1 Qc8 19. f4 Qa8 20. b4 Rc8
21. a3 h5 22. Bc2 h4 23. Nd7 Ne4 24. Qg4 Bc5+ 25. bxc5 Nxc3 26. Nf6+ Kf8 27.
Nh7+ Kg8 28. Rd7 Bc6 29. Nf6+ 1-0

[Event "IHEM 2002"]
[Site "Hamburg"]
[Date "2002.05.25"]
[Round "8.11"]
[White "Chevelevitch, Evgueni"]
[Black "Langrock, Hannes"]
[Result "1-0"]
[WhiteElo "2278"]
[BlackElo "2313"]
[PlyCount "95"]
[EventDate "2002.??.??"]

1. e4 d5 2. exd5 Qxd5 3. Nc3 Qa5 4. d4 Nf6 5. Nf3 Nc6 6. Bb5 Nd5 7. Qd3 Nxc3 8.
bxc3 a6 9. Bxc6+ bxc6 10. Ne5 f6 11. Nc4 Qf5 12. Ba3 Qxd3 13. cxd3 Bf5 14.
O-O-O e6 15. Bxf8 Rxf8 16. Kc2 Kd7 17. Rb1 Rfb8 18. Rb3 Rb5 19. Rhb1 Rab8 20.
Ne3 Bg6 21. c4 R5b6 22. Nd1 a5 23. f3 e5 24. dxe5 fxe5 25. Nc3 Rb4 26. Re1 Kd6
27. Ne4+ Bxe4 28. Rxe4 a4 29. Rxb4 Rxb4 30. c5+ Kxc5 31. Rxe5+ Kd6 32. Re4 c5
33. a3 Rb8 34. Rxa4 Kd5 35. Rh4 h6 36. Rg4 Ra8 37. a4 g5 38. h4 gxh4 39. Rxh4
Rg8 40. Rg4 Rxg4 41. fxg4 c4 42. Kc3 cxd3 43. Kxd3 Kc5 44. Kc3 Kd5 45. Kb4 Kd4
46. a5 c5+ 47. Ka3 Kd5 48. Kb3 1-0

[Event "IHEM 2002"]
[Site "Hamburg"]
[Date "2002.05.25"]
[Round "8.12"]
[White "Jacoby, Gisbert"]
[Black "Wendt, Jan-Dietrich"]
[Result "0-1"]
[WhiteElo "2275"]
[BlackElo "2285"]
[PlyCount "50"]
[EventDate "2002.??.??"]

1. c4 g6 2. e4 c5 3. Nf3 Nc6 4. d4 cxd4 5. Nxd4 Bg7 6. Be3 Nf6 7. Nc3 d6 8. Be2
O-O 9. O-O Bd7 10. Qd2 Nxd4 11. Bxd4 Bc6 12. Qe3 e5 13. Bxa7 Nd7 14. a4 b6 15.
Nb5 Bxb5 16. axb5 Qc7 17. Qa3 Rfc8 18. Qa6 Bf8 19. Bg4 Qd8 20. b3 Kg7 21. c5
Rxc5 22. Rfc1 Qc7 23. Rc4 d5 24. Bxd7 dxc4 25. Bc6 cxb3 0-1

[Event "IHEM 2002"]
[Site "Hamburg"]
[Date "2002.05.25"]
[Round "8.14"]
[White "Maahs, Erich"]
[Black "Lahlum, Hans Olav"]
[Result "1/2-1/2"]
[WhiteElo "2194"]
[BlackElo "2218"]
[PlyCount "114"]
[EventDate "2002.??.??"]

1. e4 e6 2. d4 d5 3. Nd2 c5 4. Ngf3 cxd4 5. exd5 Qxd5 6. Bc4 Qd6 7. O-O Nf6 8.
Nb3 Nc6 9. Nbxd4 Nxd4 10. Nxd4 a6 11. c3 Qc7 12. Bd3 Bd6 13. h3 b6 14. Qe2 Bb7
15. a4 O-O 16. Bg5 Nd5 17. Rfe1 Bf4 18. Qg4 Bxg5 19. Qxg5 h6 20. Qh4 Nf6 21.
Re3 Rfd8 22. Rae1 Rd5 23. Rg3 Kf8 24. Be2 Re5 25. Re3 Rxe3 26. fxe3 Qe5 27. Bf3
Bxf3 28. Nxf3 Qc5 29. Qd4 Rc8 30. Ne5 Ke7 31. Rd1 Qxd4 32. exd4 Nd7 33. Nxd7
Kxd7 34. Rd3 Kc6 {(=)} 35. Kf2 b5 36. axb5+ axb5 37. b3 Ra8 38. c4 Ra2+ 39. Kf3
bxc4 40. bxc4 Rc2 41. c5 Kd5 42. h4 g6 43. g3 f6 44. Ke3 h5 45. Kf4 Rc1 46. Ke3
Rc2 47. Kf4 Rc4 48. Ke3 e5 49. dxe5+ Kxe5 50. Ra3 Rxc5 51. Rb3 Kf5 52. Kf3 g5
53. hxg5 fxg5 54. Ra3 g4+ 55. Ke3 Kg5 56. Kf2 Rf5+ 57. Kg2 Rb5 {(=)} 1/2-1/2

[Event "IHEM 2002"]
[Site "Hamburg"]
[Date "2002.05.25"]
[Round "8.15"]
[White "Gollasch, Theo-Heinz"]
[Black "Breyther, Ruediger"]
[Result "0-1"]
[WhiteElo "2126"]
[BlackElo "2372"]
[PlyCount "94"]
[EventDate "2002.??.??"]

1. d4 Nf6 2. c4 e6 3. Nf3 b6 4. g3 Ba6 5. Qa4 Bb7 6. Bg2 c5 7. dxc5 bxc5 8. O-O
Be7 9. Nc3 O-O 10. Rd1 d6 11. Qc2 Qb6 12. Na4 Qc7 13. Nc3 a6 14. e4 Nc6 15. b3
Ng4 16. h3 Nge5 17. Nxe5 dxe5 18. Be3 Nd4 19. Bxd4 exd4 20. Ne2 Rad8 21. Qd3 e5
22. Rf1 Qc6 23. g4 f5 24. Ng3 fxg4 25. hxg4 Bg5 26. Rae1 g6 27. Bf3 Rf4 28. Ne2
Rf7 29. Ng3 Rdf8 30. Bd1 Qf6 31. Kg2 Qf4 32. a3 a5 33. b4 Bh4 34. bxc5 Bc6 35.
Kh3 Bd8 36. Be2 Qh6+ 37. Kg2 Bh4 38. Bd1 Qg5 39. Kg1 Rf4 40. Kg2 Bxg3 41. Kxg3
h5 42. f3 Bd7 43. Rg1 hxg4 44. Kf2 Qh4+ 45. Rg3 Qh2+ 46. Rg2 g3+ 47. Kf1 Bh3
0-1

[Event "IHEM 2002"]
[Site "Hamburg"]
[Date "2002.05.25"]
[Round "8.16"]
[White "Schüler, Hendrik"]
[Black "Voigt, Martin"]
[Result "0-1"]
[WhiteElo "2197"]
[BlackElo "2298"]
[PlyCount "80"]
[EventDate "2002.??.??"]

1. e4 e5 2. Nf3 d5 3. Nxe5 Bd6 4. d4 dxe4 5. Bc4 Bxe5 6. Qh5 Qe7 7. dxe5 Nc6 8.
Bf4 g6 9. Qe2 Nxe5 10. O-O g5 11. Bd2 Bf5 12. Nc3 O-O-O 13. Nd5 Qc5 14. Ne3
Nxc4 15. Qxc4 Qxc4 16. Nxc4 Be6 17. Bc3 Bxc4 18. Bxh8 Bxf1 19. Kxf1 f6 20. Re1
Re8 21. h4 h6 22. hxg5 hxg5 23. Ke2 Kd7 24. Rh1 Ke6 25. f3 exf3+ 26. Kxf3 Re7
27. g4 Kf7 28. a4 Kg6 29. Rd1 a5 30. Rd5 b6 31. Rd1 Rh7 32. Rd8 Rxh8 33. Kg3
Kf7 34. Rc8 Rh4 35. Rxc7+ Kg6 36. Rc4 Nh6 37. c3 Rxg4+ 38. Rxg4 Nxg4 39. Kxg4
f5+ 40. Kf3 Kf6 0-1

[Event "IHEM 2002"]
[Site "Hamburg"]
[Date "2002.05.25"]
[Round "8.17"]
[White "Gaede, Derek"]
[Black "Frackowiak, Oliver"]
[Result "1-0"]
[WhiteElo "2181"]
[BlackElo "2069"]
[PlyCount "66"]
[EventDate "2002.??.??"]

1. d4 c5 2. d5 e5 3. c4 d6 4. Nc3 a6 5. e4 g6 6. Bd3 h5 7. h4 Bh6 8. Nf3 Bg4 9.
Be2 Bxf3 10. Bxf3 Bxc1 11. Qxc1 Nd7 12. a3 Ngf6 13. g3 Rb8 14. Be2 O-O 15. O-O
Ne8 16. Qe3 Nc7 17. b4 b5 18. Rfb1 bxc4 19. Bxc4 Rb7 20. Be2 Qe7 21. bxc5 Rxb1+
22. Rxb1 Nxc5 23. Rb6 Rc8 24. Rc6 Kg7 25. f4 exf4 26. Qxf4 Re8 27. Bf3 Rd8 28.
e5 dxe5 29. Qb4 e4 30. Qxc5 Qe5 31. Nxe4 Rxd5 32. Qc3 Rd4 33. Rxc7 Rxe4 1-0

[Event "IHEM 2002"]
[Site "Hamburg"]
[Date "2002.05.25"]
[Round "9.1"]
[White "Hector, Jonny"]
[Black "Berg, Emanuel"]
[Result "1-0"]
[WhiteElo "2513"]
[BlackElo "2514"]
[PlyCount "81"]
[EventDate "2002.??.??"]

1. e4 e6 2. d4 d5 3. Nc3 Bb4 4. e5 c5 5. Bd2 Ne7 6. a3 Bxc3 7. Bxc3 Nbc6 8. Nf3
cxd4 9. Nxd4 Nxe5 10. Nxe6 Bxe6 11. Bxe5 Nc6 12. Bg3 h5 13. h4 Qf6 14. Rb1 Bg4
15. Be2 Qe6 16. f3 Bf5 17. O-O Qg6 18. Qxd5 O-O 19. Qd6 f6 20. Rbd1 Bxc2 21.
Rc1 Rad8 22. Qc7 Kh8 23. Bf2 Rd2 24. Rfe1 Bf5 25. Qxb7 Ne5 26. Rcd1 Rfd8 27.
Rxd2 Rxd2 28. Bf1 Bh3 29. f4 Qf5 30. gxh3 Qxf4 31. Qa8+ Kh7 32. Qe4+ Qxe4 33.
Rxe4 Rxb2 34. Kg2 Rb3 35. Ra4 g5 36. hxg5 fxg5 37. Ra5 Nf3 38. Rxa7+ Kg6 39.
Ra5 h4 40. Rd5 Rxa3 41. Bd3+ 1-0

[Event "IHEM 2002"]
[Site "Hamburg"]
[Date "2002.05.25"]
[Round "9.3"]
[White "Rogozenko, Dorian"]
[Black "Sax, Gyula"]
[Result "1/2-1/2"]
[WhiteElo "2518"]
[BlackElo "2566"]
[PlyCount "140"]
[EventDate "2002.??.??"]

1. d4 Nf6 2. c4 e6 3. Nc3 Bb4 4. e3 O-O 5. Bd3 d5 6. Nf3 c5 7. O-O dxc4 8. Bxc4
Nbd7 9. a3 cxd4 10. axb4 dxc3 11. bxc3 b6 12. Qd6 Bb7 13. Rd1 Qc8 {(=)} 14. Bb5
Rd8 15. Bb2 a6 16. Be2 b5 17. Rac1 Bd5 18. c4 bxc4 19. Qg3 Qb8 20. Bxc4 Qxb4
21. Bxd5 exd5 22. Bd4 Qb8 23. Ne5 Ne4 24. Qxg7+ Kxg7 25. Nxd7+ f6 26. Nxb8
Raxb8 27. Rc7+ Kg6 28. f3 Nd6 29. Rc6 a5 30. Bc5 Nc4 31. Be7 Rdc8 32. Rxf6+ Kg7
33. Rxd5 Rb1+ 34. Kf2 Rb2+ 35. Kg3 Rxg2+ 36. Kf4 Re8 37. Re6 Kf7 38. Re4 Nxe3
39. Rxe3 Rxe7 40. Rxe7+ Kxe7 41. Rh5 a4 42. Rxh7+ Kf6 43. h4 a3 44. Ra7 a2 45.
Ra6+ Kg7 46. Kf5 Rb2 47. f4 Rb5+ 48. Kg4 Rb2 49. Kg5 Rg2+ 50. Kf5 Rb2 51. h5
Rb5+ 52. Kg4 Rb2 53. Ra7+ Kh6 54. Ra6+ Kg7 55. Ra7+ Kh6 56. Ra8 Kg7 57. Ra6
Rg2+ 58. Kf5 Rb2 59. Ke4 Rb4+ 60. Kf3 Rb3+ 61. Kg4 Rb2 62. f5 Rg2+ 63. Kf4 Rf2+
64. Ke4 Re2+ 65. Kf3 Rh2 66. f6+ Kf7 67. Kg4 Rg2+ 68. Kf5 Rf2+ 69. Kg5 Rg2+ 70.
Kh6 Rh2 1/2-1/2

[Event "IHEM 2002"]
[Site "Hamburg"]
[Date "2002.05.25"]
[Round "9.4"]
[White "Votava, Jan"]
[Black "Hansen, Sune Berg"]
[Result "1/2-1/2"]
[WhiteElo "2508"]
[BlackElo "2536"]
[PlyCount "137"]
[EventDate "2002.??.??"]

1. c4 c5 2. Nf3 Nf6 3. e3 g6 4. b3 Bg7 5. Bb2 O-O 6. Be2 b6 7. O-O Bb7 8. d3
Nc6 9. Nbd2 e6 10. Qc2 Qe7 11. a3 Rfd8 12. Rac1 Rab8 13. Rfe1 Ba8 14. Bf1 d6
15. Qb1 Nd7 16. Bxg7 Kxg7 17. d4 Nf6 18. b4 Rbc8 19. Qb2 Nb8 20. g3 Nbd7 21.
Bg2 Kg8 22. a4 e5 23. Nh4 Bxg2 24. Nxg2 Re8 25. a5 Qd8 26. Rcd1 Qc7 27. a6 cxb4
28. Qxb4 Re7 29. Rc1 Rce8 30. Nb3 Ne4 31. Red1 Ng5 32. c5 Nf3+ 33. Kh1 bxc5 34.
dxc5 d5 35. Nd2 Rb8 36. Qa4 Ng5 37. Qh4 f6 38. c6 Nb6 39. f4 Nf7 40. Qxf6 Rf8
41. Qh4 Re6 42. Nf3 Rxc6 43. Rxc6 Qxc6 44. fxe5 Qc2 45. Rg1 Qe4 46. Qxe4 dxe4
47. Nd2 Re8 48. Nf4 Rxe5 49. Rc1 Re7 50. Kg2 Ne5 51. h3 Nd3 52. Nxd3 exd3 53.
e4 Kf7 54. Rc3 Rd7 55. Kf3 Na8 56. Rb3 Ke6 57. Rb7 Nb6 58. Rb8 Na4 59. Re8+ Re7
60. Rc8 Rd7 61. Re8+ Re7 62. Rc8 Rd7 63. Rc4 Nb6 64. Rc6+ Rd6 65. Rc7 Rd7 66.
Rc5 Rd6 67. Rc7 Rd7 68. Rc1 Rd6 69. Rc7 {(=)} 1/2-1/2

[Event "IHEM 2002"]
[Site "Hamburg"]
[Date "2002.05.25"]
[Round "9.5"]
[White "Wahls, Matthias"]
[Black "Dr. Reddmann, Hauke"]
[Result "1-0"]
[WhiteElo "2561"]
[BlackElo "2349"]
[PlyCount "87"]
[EventDate "2002.??.??"]

1. c4 f5 2. g3 Nf6 3. Nc3 e6 4. Bg2 Bb4 5. Qc2 a5 6. Nf3 O-O 7. O-O Nc6 8. Nb5
Be7 9. d4 Ne4 10. a3 d6 11. d5 Na7 12. Nxa7 Rxa7 13. Be3 Ra6 14. Nd4 exd5 15.
cxd5 Nc5 16. b3 Bf6 17. Rad1 Bxd4 18. Bxd4 b6 19. b4 axb4 20. axb4 Nd7 21. Rd3
Nf6 22. Rc3 Ne8 23. e4 Rf7 24. f4 fxe4 25. Bxe4 Nf6 26. Bg2 Ne8 27. Be4 Nf6 28.
Bg2 Ne8 29. f5 Bd7 30. g4 Qa8 31. g5 Ra1 32. Rcf3 Ra2 33. Qe4 Bb5 34. Re1 c5
35. g6 cxd4 36. gxf7+ Kxf7 37. Qe6+ Kf8 38. f6 Nxf6 39. Qxd6+ Kg8 40. Qxb6 Bc4
41. Qe6+ Kh8 42. Rxf6 Rxg2+ 43. Kxg2 Bxd5+ 44. Kg1 1-0

[Event "IHEM 2002"]
[Site "Hamburg"]
[Date "2002.05.25"]
[Round "9.6"]
[White "Dr. Müller, Karsten"]
[Black "Gullaksen, Eirik"]
[Result "0-1"]
[WhiteElo "2530"]
[BlackElo "2326"]
[PlyCount "94"]
[EventDate "2002.??.??"]

1. d4 Nf6 2. Nc3 c5 3. d5 d6 4. e4 g6 5. f4 Bg7 6. Bb5+ Nfd7 7. Nf3 a6 8. Bxd7+
Bxd7 9. h3 b5 10. e5 b4 11. Ne4 Bb5 12. e6 f5 13. Neg5 Qb6 14. Nf7 a5 15. a4
Bc4 16. b3 Bxa1 17. bxc4 Rf8 18. g4 b3 19. cxb3 Na6 20. gxf5 Rb8 21. fxg6 Qxb3
22. gxh7 Qxc4 23. Kf2 Nc7 24. Be3 Bf6 25. N3g5 Rb2+ 26. Kg3 Qxd5 27. Qh5 Nxe6
28. h8=Q Qg2+ 29. Kh4 Rxh8 30. Nxh8+ Kd7 31. Qg4 Bxg5+ 32. Kh5 Qxh1 33. Ng6 Bf6
34. Nf8+ Ke8 35. Nxe6 Qe4 36. Nc7+ Kf7 37. Kh6 Rb8 38. Qh5+ Kg8 39. Qg6+ Qxg6+
40. Kxg6 Rb4 41. Nd5 Rxa4 42. Nxf6+ exf6 43. h4 Ra3 44. Bd2 a4 45. f5 Rb3 46.
h5 a3 47. h6 Rg3+ 0-1

[Event "IHEM 2002"]
[Site "Hamburg"]
[Date "2002.05.25"]
[Round "9.7"]
[White "Chevelevitch, Evgueni"]
[Black "Rausis, Igor"]
[Result "1/2-1/2"]
[WhiteElo "2278"]
[BlackElo "2478"]
[PlyCount "99"]
[EventDate "2002.??.??"]

1. e4 e6 2. d4 d5 3. Nd2 c5 4. Ngf3 cxd4 5. exd5 Qxd5 6. Bc4 Qd6 7. O-O Nf6 8.
Nb3 Nc6 9. Nbxd4 Nxd4 10. Qxd4 {(=)} 10... Bd7 11. Bf4 Qxd4 12. Nxd4 Rc8 13.
Bb3 Bc5 14. Rad1 O-O 15. Rfe1 Rfd8 16. h3 Kf8 17. c3 h6 18. Kf1 a6 19. Kg1 g5
20. Be5 Ne8 21. Nc2 f6 22. Bd4 Bxd4 23. Nxd4 Ng7 24. Nc2 h5 25. h4 gxh4 26. Rd4
h3 27. gxh3 e5 28. Rd6 Ke7 29. Rb6 Bc6 30. Nd4 Kd6 31. Nxc6 bxc6 32. Rxa6 Kc5
33. Ra7 Ne8 34. Bf7 Rd2 35. Rb7 Nc7 36. Bxh5 Rg8+ 37. Kf1 Nd5 38. Rd1 Rc2 39.
a4 e4 40. Be2 e3 41. b4+ Kd6 42. c4 exf2 43. Kxf2 Re8 44. c5+ Ke5 45. Kf3 Rh8
46. Bf1 Rc3+ 47. Kf2 Rc2+ 48. Kf3 Rc3+ 49. Kf2 Rc2+ 50. Kf3 1/2-1/2

[Event "IHEM 2002"]
[Site "Hamburg"]
[Date "2002.05.25"]
[Round "9.9"]
[White "Murdzia, Piotr"]
[Black "Lindinger, Markus"]
[Result "1-0"]
[WhiteElo "2418"]
[BlackElo "2299"]
[PlyCount "38"]
[EventDate "2002.??.??"]

1. g3 g6 2. c4 Bg7 3. Bg2 Nf6 4. Nc3 O-O 5. d3 d6 {(=)} 6. e4 c5 7. Nge2 Ne8 8.
O-O Nc7 9. Be3 Nc6 10. d4 cxd4 11. Nxd4 Ne6 12. Nde2 Qa5 13. Rc1 Ne5 14. b3 Nc5
15. Rb1 Qd8 16. h3 a5 17. f4 Nc6 18. Kh2 Bd7 19. a3 Qb8 1-0

[Event "IHEM 2002"]
[Site "Hamburg"]
[Date "2002.05.25"]
[Round "9.10"]
[White "Bach, Matthias"]
[Black "Putzbach, Gerd"]
[Result "1-0"]
[WhiteElo "2300"]
[BlackElo "2242"]
[PlyCount "83"]
[EventDate "2002.??.??"]

1. d4 d5 2. c4 dxc4 3. Nf3 Nf6 4. Nc3 c6 5. e4 b5 6. e5 Nd5 7. a4 Nxc3 8. bxc3
e6 9. Ng5 Bb7 10. Qh5 Qd7 11. Be2 Na6 12. Bf3 b4 13. O-O Nc7 14. a5 bxc3 15. a6
g6 16. axb7 gxh5 17. bxa8=Q+ Nxa8 18. Bxh5 Be7 19. Bxf7+ Kf8 20. Bxe6 Qxd4 21.
Nf7 Rg8 22. Bh6+ Ke8 23. Nd6+ Bxd6 24. Bxg8 Bxe5 25. Rfe1 c2 26. Rac1 Kd7 27.
Rxc2 Bxh2+ 28. Kxh2 Qh4+ 29. Kg1 Qxh6 30. Rxc4 Qg7 31. Be6+ Kd6 32. Bh3 c5 33.
Rd1+ Kc6 34. Bd7+ Kb6 35. Rb1+ Kc7 36. Rxc5+ Kd6 37. Rc6+ Kd5 38. Rd1+ Ke5 39.
Re6+ Kf4 40. g3+ Kf3 41. Rd3+ Kg4 42. Re7+ 1-0

[Event "IHEM 2002"]
[Site "Hamburg"]
[Date "2002.05.25"]
[Round "9.11"]
[White "Breyther, Ruediger"]
[Black "Engelbert, Christoph"]
[Result "1-0"]
[WhiteElo "2372"]
[BlackElo "2269"]
[PlyCount "81"]
[EventDate "2002.??.??"]

1. d4 g6 2. Nf3 Bg7 3. e4 d6 4. Nc3 Nf6 5. Be2 O-O 6. O-O Bg4 7. h3 Bxf3 8.
Bxf3 Nc6 9. Ne2 e5 10. c3 Re8 11. d5 Ne7 12. c4 Nd7 13. Nc3 Kh8 14. Bg5 f6 15.
Bd2 Rf8 16. b4 Ng8 17. Na4 f5 18. Rc1 Ndf6 19. Nc3 Bh6 20. c5 fxe4 21. Bxe4 Qe7
22. Bxh6 Nxh6 23. Qd2 Kg7 24. cxd6 cxd6 25. f3 Rac8 26. Qe3 a6 27. Na4 Nh5 28.
Kh2 Qh4 29. Nb6 Qg3+ 30. Kh1 Nf4 31. Qd2 Rxc1 32. Rxc1 Nf5 33. Bxf5 Rxf5 34.
Rc7+ Kh6 35. Nc4 Rg5 36. Ne3 Rh5 37. Ng4+ Kg5 38. Qf2 Qxf2 39. Nxf2 b5 40. Ne4+
Kh6 41. Nf6 1-0

[Event "IHEM 2002"]
[Site "Hamburg"]
[Date "2002.05.25"]
[Round "9.12"]
[White "Langrock, Hannes"]
[Black "Lahlum, Hans Olav"]
[Result "1-0"]
[WhiteElo "2313"]
[BlackElo "2218"]
[PlyCount "69"]
[EventDate "2002.??.??"]

1. e4 e6 2. d4 d5 3. Nc3 Bb4 4. Nge2 dxe4 5. a3 Bxc3+ 6. Nxc3 Nc6 7. Bb5 Nge7
8. Bg5 f6 9. Be3 O-O 10. Qd2 f5 {(=)} 11. O-O-O Nd5 12. Nxd5 exd5 13. Bxc6 bxc6
14. Bg5 Qd7 15. Bf4 a5 16. h4 Qe7 17. Rh3 Be6 18. Qc3 Ra6 19. h5 Kf7 20. Rg3
Rg8 21. Rh1 Ke8 22. Rhh3 Kd7 23. Qd2 a4 24. Rg5 h6 25. Rg6 Bf7 26. Rgg3 Be6 27.
Rh1 Rb6 28. Be5 Rb7 29. Rg6 c5 30. Qa5 Rgb8 31. Qxa4+ Kd8 32. Rxg7 Bf7 33. Qc6
Rb6 34. Qxc5 Rxb2 35. Bf6 1-0

[Event "IHEM 2002"]
[Site "Hamburg"]
[Date "2002.05.25"]
[Round "9.13"]
[White "Stephan, Axel"]
[Black "Jacoby, Gisbert"]
[Result "1-0"]
[WhiteElo "2311"]
[BlackElo "2275"]
[PlyCount "27"]
[EventDate "2002.??.??"]

1. e4 e5 2. Nf3 Nc6 3. Bb5 f5 4. d3 fxe4 5. dxe4 Nf6 6. O-O Bc5 7. Bxc6 bxc6 8.
Nxe5 O-O 9. Bg5 Ba6 10. Nd3 Bb6 11. e5 h6 12. Bh4 g5 13. exf6 gxh4 14. Qg4+ 1-0

[Event "IHEM 2002"]
[Site "Hamburg"]
[Date "2002.05.25"]
[Round "9.14"]
[White "Gaede, Derek"]
[Black "Trisic, Alexandar"]
[Result "0-1"]
[WhiteElo "2181"]
[BlackElo "2306"]
[PlyCount "158"]
[EventDate "2002.??.??"]

1. d4 Nf6 2. c4 e6 3. Nc3 d5 4. cxd5 exd5 5. Bg5 Be7 6. e3 c6 7. Bd3 O-O 8. Qc2
Nbd7 9. Nge2 Re8 10. O-O Nf8 11. f3 Be6 12. Rad1 Rc8 13. Kh1 Qa5 14. Qd2 Kh8
15. e4 Ng8 16. e5 f6 17. exf6 Bxf6 18. Rfe1 b5 19. Bc2 Bf7 20. Bxf6 Nxf6 21.
Nf4 Qb4 22. Bf5 Rcd8 23. Qf2 Qd6 24. Nd3 N6d7 25. f4 Qf6 26. Bxd7 Nxd7 27. Kg1
Bh5 28. Rc1 Rf8 29. Rf1 Nb6 30. b3 Nc8 31. Ne5 Be8 32. Nb1 Nd6 33. Nd2 Rc8 34.
Rc3 b4 35. Rh3 Rc7 36. g4 g6 37. Qe3 Kg8 38. Rff3 Qg7 39. Rh4 Re7 40. Rfh3 Qf6
41. g5 Qe6 42. Ng4 Qxe3+ 43. Rxe3 Rxe3 44. Nxe3 Bd7 45. Nf3 {(=)} 45... Nf5 46.
Nxf5 Bxf5 47. Ne5 Rc8 48. Ng4 Kg7 49. Kf2 a5 50. Ke3 Ra8 51. Ne5 Ra6 52. Nd3 a4
53. Nc5 axb3 54. axb3 Ra3 55. Kd2 Ra2+ 56. Ke3 Rb2 57. Rh6 Bc2 58. Nd7 Rxb3+
59. Kd2 Bf5 60. Nf6 Rd3+ 61. Kc1 Rxd4 62. Rxh7+ Kf8 63. Rc7 Rxf4 64. Rxc6 d4
65. Nd5 Rf1+ 66. Kd2 b3 67. Rb6 Rf2+ 68. Ke1 Rf3 69. h4 Bc2 70. Rb4 Rh3 71.
Rb8+ Kf7 72. Rb7+ Ke8 73. Rb8+ Kd7 74. Rb7+ Kc6 75. Rb8 Kc5 76. Nb4 d3 77. Kd2
Rh2+ 78. Kc3 d2 79. Rc8+ Kb6 0-1